| 000 | 01336 a2200241 4500 | ||
|---|---|---|---|
| 003 | Nust | ||
| 005 | 20221116152011.0 | ||
| 010 | _a 94043230 | ||
| 020 | _a0521308313 (hardback) | ||
| 020 | _a0521484030 (pbk.) | ||
| 040 | _cNust | ||
| 082 | 0 | 0 | _a621.36,DAV |
| 100 | 1 |
_aDavis, Christopher C., _9102720 |
|
| 245 | 1 | 0 |
_aLasers and electro-optics : _bfundamentals and engineering / _cChristopher C. Davis. |
| 260 |
_aCambridge [England] ; _aNew York, NY, USA : _bCambridge University Press, _c1996. |
||
| 300 |
_axxi, 720 p. : _bill. ; _c26 cm. |
||
| 505 | _aSpontaneous And Stimulated Transitions (Page-1), Optical Frequency Amplifiers (Page-22), Introduction To Two Practical Laser Systems (Page-57), Passive Optical Resonators (Page-68), Optical Resonator Containing Amplifying Media (Page-88), Laser Radiation (Page-108), Control Of Laser Oscillators (Page-126), Optically Pumped Solid-State Lasers (Page-141), Gas Lasers (Page-185), Molecular Gas Laser I (Page-207), Molecular Gas Laser I (Page-225), Tunable Lasers (Page-248), Semiconductor Lasers (Page- 267). | ||
| 650 | 0 | _a. | |
| 650 | 0 | _aTelecommunication Engineering. | |
| 856 | 4 | 2 |
_3Publisher description _uhttp://www.loc.gov/catdir/description/cam026/94043230.html |
| 856 | 4 | 2 |
_3Table of contents _uhttp://www.loc.gov/catdir/toc/cam021/94043230.html |
| 942 |
_cREF _2ddc |
||
| 999 |
_c175607 _d175607 |
||